Library Banner

The history science and technology (Record no. 75949)

MARC details
000 -LEADER
fixed length control field 00496nam a2200181Ia 4500
001 - CONTROL NUMBER
control field 68344
008 - FIXED-LENGTH DATA ELEMENTS--GENERAL INFORMATION
fixed length control field 150918s9999 xx 000 0 und d
020 ## - INTERNATIONAL STANDARD BOOK NUMBER
International Standard Book Number 0871964775
040 ## - CATALOGING SOURCE
Transcribing agency PK-LaUMT
082 ## - DEWEY DECIMAL CLASSIFICATION NUMBER
Classification number RCC 509
Item number HIS-
100 ## - MAIN ENTRY--PERSONAL NAME
Personal name Marcorini, Edgardo
245 #4 - TITLE STATEMENT
Title The history science and technology
Remainder of title a narrative chronology
Statement of responsibility, etc Marcorini, Edgardo
260 ## - PUBLICATION, DISTRIBUTION, ETC. (IMPRINT)
Place of publication, distribution, etc New York,USA:
Name of publisher, distributor, etc Facts on file,
Date of publication, distribution, etc 1988
501 ## - WITH NOTE
With note 2 vols.
546 ## - LANGUAGE NOTE
Language note EN
650 ## - SUBJECT ADDED ENTRY--TOPICAL TERM
Topical term or geographic name as entry element Prehistory and protohistory
942 ## - ADDED ENTRY ELEMENTS (KOHA)
Koha item type Books
Holdings
Withdrawn status Lost status Source of classification or shelving scheme Damaged status Not for loan Home library Current library Date acquired Total Checkouts Full call number Barcode Date last seen Price effective from Koha item type
    Dewey Decimal Classification     UMT Main Campus UMT Main Campus 2015-09-18   RCC 509 HIS- 94255 2015-09-19 2015-09-18 Books
    Dewey Decimal Classification     UMT Main Campus UMT Main Campus 2015-09-19   RCC 509 HIS- 94256 2015-09-19 2015-09-19 Books